000
00299nam a2200121Ia 4500
008
191201s1995 xx 000 0 und d
100
_a
JAIN, Anil K.
245
0
_a
Fundamentals of Digital Image Processing
260
_a
N. Delhi
_b
PHI
_c
1995
300
_a
569
650
_a
B.Tech(ECE)
942
_2
ddc
_c
BK
999
_c
412
_d
412